1678 1122 1459 1064 1727 1772 1068 1753 1753 1686 1720 1743 1458 1326 1611 1641 1703 1159 1722 1673 1307 1746 1648 1589 1635 1311 1731 1720 1230 1420 1786 1130 1824 1651 1514 1994 1768 1197 1237 1816 1060 1227 1181 1981 1994 1253 1462 1267 1674 1831 1241 1008 1563 1424 1992 1673 1367 1845 1848 1960 1226 1620 1597 1973 1806 1457 1627 1055 1671 1991 1719 1716 1564 1634 1385 1252 1807 1299 1760 1674 1074 1613 1596 1891 1147 1930 1545 1953 1205 1520 1179 1202 1645 1390 1772 1971 1194 1547 1251 BCNSPRNW ULIB Ver.6.0+V

เปลี่ยนเป็นภาษาไทย

Change to English
 แสดงรายละเอียดบรรณานุกรม
  กลับหน้าหลัก

Brief Record : Get Marc (ISO 2709) : E-mail record : QR code < ปิดหน้าต่าง
LEADER : 00000nam 2200000uu 4500
001    13399113531
003     ULIB
008    111124s2551||||th 000 0 tha d
020    ^a9789740417378
090    ^aนว.^bย111ค 2551
100 0  ^aYayoi
245 00 ^aฝากฟ้าเคียงดิน/^cYayoi
250    ^aพิมพ์ครั้งที่ 2
260    ^aกรุงเทพฯ :^bแจ่มใส
300    ^a303 หน้า
710 1  ^aแจ่มใส
945    ^p209^l0^i15027
995    ^aกัณชพร
999    ^aใช้งานได้ทุกระบบ
รายการนี้ยังไม่มีแท็ก
คุณยังไม่ได้ล็อกอิน คุณสามารถมีกิจกรรมร่วมกับเว็บไซต์ได้ แต่ต้องล็อกอินก่อน ::
  ล็อกอิน

รายการสื่อสารสนเทศ

ลำดับที่ ประเภท เลขเรียก/บาร์โค้ด สถานที่ สถานะ
1. วิทยาศาสตร์การแพทย์ และสุขภาพ
วิทยาศาสตร์การแพทย์ และสุขภาพ
นว. ย111ค 2551  
  Barcode: 15027
ห้องสมุดวิทยาเขตสวรรค์ประชารักษ์
►นวนิยาย
บนชั้น
  ขอยืม

รายการใกล้เคียง
    ผู้แต่ง [Yayoi]

BibComment


ยังไม่เคยถูกคอมเมนท์

คอมเมนท์ทรัพยากรรายการนี้
  คอมเมนท์: ฝากฟ้าเคียงดิน Y..


 Copyright 2026. Bcnsprnw @Library